Science education (Record no. 38634)

MARC details
000 -LEADER
fixed length control field 00406nam a2200157Ia 4500
022 ## - INTERNATIONAL STANDARD SERIAL NUMBER
ISSN 00368326
050 ## - CALL MARK
Classification number LB 1585.5 .S35/
245 #0 - TITLE STATEMENT
Title Science education
260 ## - PUBLICATION, DISTRIBUTION, ETC. (IMPRINT)
Name of publisher Wiley Subscription Services, Inc.
260 ## - PUBLICATION, DISTRIBUTION, ETC. (IMPRINT)
Year of publication 2011
300 ## - PHYSICAL DESCRIPTION
Number of Pages 960 p. ; 26 cm.
650 ## - SUBJECT ADDED ENTRY--TOPICAL TERM
Topical Term Science--Study and teaching--Periodical
942 ## - ADDED ENTRY ELEMENTS (KOHA)
Koha item type Serials

No items available.